003770000a22001090004500090001700000245006300017041001400080100003700094942001300131773010600144999001700250 aASbSeriadas10aAlgas marinas colombianas y su distribución geográfica0 aEspañol1 aAcevedo R., Gabriel de J.999067 cARTICULO1 tRevista de la Academia Colombiana de Ciencias Exactas, Fisicas y Naturales332h51q237-257d1969g13 c13997d13997